[Event "XIV Open Primavera"]
[Site "Robecchetto con Induno ITA"]
[Date "2017.04.10"]
[Round "2"]
[White "Caccia, Andrea"]
[Black "Fortes Serra, Jordi"]
[Result "0-1"]
[WhiteElo "1365"]
[BlackElo "1472"]
[PlyCount "112"]
[EventDate "2017.04.06"]

1. d4 g6 2. e4 Bg7 3. e5 d6 4. Nf3 Bg4 5. h3 Bxf3 6. Qxf3 c6 7. Bc4 e6 8. Bf4
dxe5 9. dxe5 Qd4 10. Nd2 Nd7 11. c3 Qb6 12. Bb3 Nxe5 13. Bxe5 Bxe5 14. Nc4 Qc7
15. O-O-O Ne7 16. Rhe1 Bf4+ 17. Kb1 Nd5 18. g3 Bh6 19. Ne3 Nxe3 20. fxe3 O-O
21. h4 Rad8 22. Rxd8 Rxd8 23. Rd1 Rxd1+ 24. Bxd1 Qd6 25. a3 Qd3+ 26. Bc2 Qxe3
27. Qd1 Qxg3 28. Qd8+ Bf8 29. h5 Qd6 30. Qxd6 Bxd6 31. hxg6 hxg6 32. Kc1 Kg7
33. Kd1 Kf6 34. Ke2 Kg5 35. Kf3 Bf4 36. a4 e5 37. c4 c5 38. Be4 b6 39. Bd5 f5
40. Bf7 e4+ 41. Ke2 Bc1 42. b3 Bb2 43. Ke3 Bd4+ 44. Ke2 Kf6 45. Be8 g5 46. Bh5
Ke5 47. Kf1 Kf4 48. Ke2 Kg3 49. Kf1 f4 50. Bd1 f3 51. a5 e3 52. axb6 axb6 53.
b4 cxb4 54. c5 bxc5 55. Ke1 Bc3+ 56. Kf1 e2+ 0-1

[Event "XIV Open Primavera"]
[Site "Robecchetto con Induno ITA"]
[Date "2017.04.10"]
[Round "2"]
[White "Caccianiga, Andrea"]
[Black "Crotti, Massimo"]
[Result "1-0"]
[WhiteElo "1367"]
[BlackElo "1316"]
[PlyCount "111"]
[EventDate "2017.04.06"]

1. e4 c6 2. d4 d5 3. Nc3 Nf6 4. e5 Ne4 5. Qf3 Nxc3 6. Qxc3 e6 7. Qg3 h6 8. Bd3
Qa5+ 9. c3 c5 10. Ne2 Nc6 11. O-O c4 12. Bc2 Ne7 13. Qg4 Bd7 14. Nf4 O-O-O 15.
Bd2 Kb8 16. b3 Bb5 17. Rfb1 Qc7 18. b4 g5 19. Nh5 Ng6 20. a4 Bd7 21. b5 Be7 22.
a5 b6 23. axb6 Qxb6 24. Ra6 Qb7 25. Ra5 Rdf8 26. Qg3 Bd8 27. Ra4 Bb6 28. Rab4
Qc7 29. Nf6 Bc8 30. Bc1 Bb7 31. Ba3 Nf4 32. Qf3 Ka8 33. R4b2 Rd8 34. Bd6 Rxd6
35. exd6 Qxd6 36. Ng4 f5 37. Ne3 h5 38. g3 g4 39. Qxf4 Qxf4 40. gxf4 Bc8 41. h4
Bd7 42. Kg2 Rg8 43. Bd1 Kb7 44. f3 Bc7 45. Kg3 gxf3+ 46. Kxf3 Bb6 47. Rg2 Rxg2
48. Nxg2 Ba5 49. Ke3 Bxc3 50. Bxh5 Kb6 51. Bf7 Ba5 52. h5 Bxb5 53. Rxb5+ Kxb5
54. h6 Kb4 55. h7 Kb3 56. h8=Q 1-0

[Event "XIV Open Primavera"]
[Site "Robecchetto con Induno ITA"]
[Date "2017.04.20"]
[Round "3"]
[White "Bianchi, Alberto"]
[Black "Testa, Loris"]
[Result "1-0"]
[WhiteElo "1868"]
[BlackElo "1903"]
[PlyCount "111"]
[EventDate "2017.04.06"]

1. Nf3 e6 2. c4 d6 3. d4 Nd7 4. g3 f5 5. Bg2 Ngf6 6. Nc3 Be7 7. O-O O-O 8. Qc2
Nb6 9. b3 c6 10. Bb2 d5 11. c5 Nbd7 12. b4 Ne4 13. a4 b6 14. e3 bxc5 15. dxc5
a5 16. Nxe4 fxe4 17. Nd4 Nb8 18. b5 e5 19. Nb3 Bf6 20. Rfd1 Bg4 21. Rd2 Bf3 22.
Qc1 Qe7 23. Qf1 Bg5 24. Rc2 Qe6 25. Nd2 Qf5 26. Rac1 Bg4 27. Nxe4 dxe4 28. Qc4+
Qe6 29. Qxe6+ Bxe6 30. Rd2 Bd5 31. Bxe5 Be7 32. Bh3 Ra7 33. Rxd5 cxd5 34. Be6+
Kh8 35. Bxd5 Re8 36. Bxe4 Bf6 37. Bxb8 Rxb8 38. b6 Re7 39. Bd5 Rd7 40. Bf3 Bd8
41. c6 Rf7 42. Bd5 Re7 43. c7 Bxc7 44. bxc7 Rc8 45. Rc5 Rcxc7 46. Rxa5 Ra7 47.
Rb5 g6 48. a5 Rec7 49. e4 Kg7 50. Kg2 Rc2 51. Bb7 Rc3 52. a6 Rc4 53. f4 Rc7 54.
g4 Kf7 55. f5 gxf5 56. gxf5 1-0

[Event "XIV Open Primavera"]
[Site "Robecchetto con Induno ITA"]
[Date "2017.04.20"]
[Round "3"]
[White "Barrera, Pietro"]
[Black "Novi', Giuseppe"]
[Result "0-1"]
[WhiteElo "1812"]
[BlackElo "1825"]
[PlyCount "82"]
[EventDate "2017.04.06"]

1. e4 c6 2. d4 d5 3. exd5 Qxd5 4. c4 Qd8 5. Nf3 Bg4 6. Be2 Nf6 7. Nc3 e6 8. Be3
Nbd7 9. Qb3 Qc7 10. h3 Bh5 11. O-O Nb6 12. Rac1 Rd8 13. Rfe1 Be7 14. a4 O-O 15.
a5 Nc8 16. d5 e5 17. Ra1 e4 18. Nd4 cxd5 19. cxd5 Qe5 20. Bxh5 Nxh5 21. Ndb5 a6
22. Na3 Bd6 23. Kf1 Rd7 24. Nc4 Qh2 25. Ne2 Qh1+ 26. Ng1 Bh2 27. Ke2 Qxg2 28.
Nd2 Rfd8 29. Rac1 h6 30. Qc4 Rxd5 31. Nxe4 Rd4 32. Qxd4 Rxd4 33. Rxc8+ Kh7 34.
Bxd4 Qxe4+ 35. Be3 Nf4+ 36. Kd1 Qd3+ 37. Bd2 Bxg1 38. Rxg1 Qf3+ 39. Kc2 Ne2 40.
Re1 Qf5+ 41. Kd1 Qxc8 0-1

[Event "XIV Open Primavera"]
[Site "Robecchetto con Induno ITA"]
[Date "2017.04.20"]
[Round "3"]
[White "Colombo, Sandro"]
[Black "Moroni, Luca"]
[Result "0-1"]
[WhiteElo "1791"]
[BlackElo "1764"]
[PlyCount "30"]
[EventDate "2017.04.06"]

1. c4 c5 2. Nf3 Nf6 3. Nc3 d6 4. d4 cxd4 5. Nxd4 g6 6. e4 Nc6 7. Be2 Bg7 8. Be3
O-O 9. O-O Bd7 10. f3 a6 11. Rc1 Rc8 12. Nd5 Nxd5 13. cxd5 Nxd4 14. Bxa6 Rxc1
15. Bxc1 bxa6 0-1

[Event "XIV Open Primavera"]
[Site "Robecchetto con Induno ITA"]
[Date "2017.04.20"]
[Round "3"]
[White "Santoruvo, Gianfranco"]
[Black "Rutigliano, Cesare"]
[Result "1-0"]
[WhiteElo "1787"]
[BlackElo "1666"]
[PlyCount "105"]
[EventDate "2017.04.06"]

1. d4 Nf6 2. c4 c5 3. e3 g6 4. Nf3 Bg7 5. Nc3 O-O 6. Bd3 d6 7. h3 Nbd7 8. O-O
Re8 9. Bc2 cxd4 10. exd4 b6 11. Re1 Ba6 12. b3 Rc8 13. Qd2 Qc7 14. Bb2 e6 15.
Rac1 Bb7 16. Nb5 Qb8 17. Qf4 e5 18. dxe5 dxe5 19. Nxe5 a6 20. Na3 Rxe5 21. Bxe5
Qa8 22. Bxf6 Nxf6 23. f3 Nh5 24. Qd6 Bf8 25. Re7 Bxe7 26. Qxe7 Re8 27. Qd6 Re6
28. Qd2 Ng3 29. Re1 Rxe1+ 30. Qxe1 Nh5 31. Qe3 Qd8 32. Nb1 Bc6 33. Nc3 b5 34.
cxb5 axb5 35. b4 Qd6 36. a3 Qg3 37. Be4 Nf4 38. Qd2 Bd7 39. Kf1 Nxh3 40. gxh3
Bxh3+ 41. Ke2 Qg1 42. Qd1 Qh2+ 43. Ke3 Qe5 44. Qd8+ Kg7 45. Qd4 Qxd4+ 46. Kxd4
Bf1 47. Kc5 f5 48. Bc6 h5 49. Nxb5 f4 50. Nc3 h4 51. Ne4 h3 52. b5 h2 53. Nf2
1-0

[Event "XIV Open Primavera"]
[Site "Robecchetto con Induno ITA"]
[Date "2017.04.20"]
[Round "3"]
[White "Virgilio, Gianluca"]
[Black "Santangelo, Riccardo"]
[Result "1-0"]
[WhiteElo "1783"]
[BlackElo "1707"]
[PlyCount "139"]
[EventDate "2017.04.06"]

1. d4 e6 2. Nf3 d5 3. c4 c5 4. g3 dxc4 5. Bg2 Nc6 6. O-O Nf6 7. Ne5 Nxe5 8.
dxe5 Qxd1 9. Rxd1 Nd5 10. Na3 Rb8 11. Nxc4 Nb4 12. Bg5 Be7 13. Bxe7 Kxe7 14.
Nd6 b6 15. a3 Nc2 16. Rac1 Nd4 17. Rxd4 cxd4 18. Rc7+ Bd7 19. Bc6 Rhd8 20. Nb7
Rbc8 21. Rxc8 Rxc8 22. Be4 Bc6 23. Nd6 Rc7 24. Bd3 Bd5 25. f3 f6 26. Nb5 Rc1+
27. Kf2 Bc4 28. exf6+ gxf6 29. Nxd4 Bxd3 30. exd3 Kd7 31. Ke2 Rh1 32. Kd2 Rxh2+
33. Ne2 Kd6 34. Ke3 Rh1 35. Nc3 a6 36. Ne4+ Ke7 37. b3 h5 38. a4 Rh2 39. Nd2
Rg2 40. Nf1 e5 41. d4 Ke6 42. dxe5 Kxe5 43. Kd3 Rf2 44. Nd2 Rxd2+ 45. Kxd2 Kd4
46. g4 h4 47. Ke2 Kc3 48. f4 h3 49. Kf2 Kd4 50. Kg3 Ke4 51. f5 h2 52. Kxh2 Kf4
53. Kh3 b5 54. Kh4 b4 55. Kh5 a5 56. Kg6 Ke4 57. Kxf6 Kd3 58. Ke6 Kc3 59. f6
Kxb3 60. f7 Ka2 61. f8=Q b3 62. g5 b2 63. Qf2 Ka1 64. Qd4 Ka2 65. Qc4+ Ka1 66.
Qb3 b1=Q 67. Qxb1+ Kxb1 68. Kd5 Kb2 69. Kc4 Ka3 70. Kb5 1-0

[Event "XIV Open Primavera"]
[Site "Robecchetto con Induno ITA"]
[Date "2017.04.20"]
[Round "3"]
[White "Mereghetti, Marco"]
[Black "Colusso, Ermes"]
[Result "1-0"]
[WhiteElo "1704"]
[BlackElo "1741"]
[PlyCount "98"]
[EventDate "2017.04.06"]

1. e4 c5 2. Nf3 d6 3. d4 cxd4 4. Nxd4 Nf6 5. Nc3 g6 6. Be3 Bg7 7. f3 O-O 8. Qd2
Nc6 9. O-O-O Nxd4 10. Bxd4 Be6 11. Kb1 a6 12. g4 h5 13. gxh5 Nxh5 14. Bxg7 Kxg7
15. f4 Bg4 16. Re1 e5 17. Rg1 Qh4 18. f5 Nf4 19. Bc4 Rad8 20. Nd5 Bh5 21. Nxf4
exf4 22. Ref1 f3 23. Qg5 Qxg5 24. Rxg5 Kf6 25. h4 Rc8 26. Bd3 Rc7 27. Kc1 Re7
28. Kd2 b5 29. Ke3 d5 30. fxg6 fxg6 31. Rxd5 Ref7 32. Rf2 Kg7 33. Rd6 Rf4 34.
Rxa6 Rxh4 35. Rb6 g5 36. Rxb5 g4 37. a4 g3 38. Rg5+ Kh6 39. Rxg3 Bg4 40. a5 Kg5
41. a6 Rh1 42. Rf1 Rxf1 43. Bxf1 Kh4 44. Kf2 Rc8 45. Bd3 Rf8 46. b4 Kg5 47. b5
Kf4 48. b6 Rh8 49. Rxg4+ Kxg4 1-0

[Event "XIV Open Primavera"]
[Site "Robecchetto con Induno ITA"]
[Date "2017.04.20"]
[Round "3"]
[White "Salerno, Christian"]
[Black "Rancati, David"]
[Result "1-0"]
[WhiteElo "1777"]
[BlackElo "1533"]
[PlyCount "134"]
[EventDate "2017.04.06"]

1. d4 Nf6 2. c4 d5 3. cxd5 Nxd5 4. e4 Nf6 5. Nc3 e6 6. Nf3 Bb4 7. Qc2 Bxc3+ 8.
bxc3 Nbd7 9. Bg5 h6 10. Bh4 g5 11. Bg3 b6 12. e5 Nd5 13. h4 g4 14. Nd2 Bb7 15.
h5 Ne7 16. Bh4 c5 17. Ne4 Bxe4 18. Qxe4 cxd4 19. cxd4 Qc8 20. Qd3 Nf5 21. Be2
Rg8 22. Bg3 Qc7 23. O-O Rd8 24. Bf4 Qb7 25. Bxh6 Nxe5 26. Qb5+ Nd7 27. Be3 Nh4
28. d5 Qxd5 29. Qxd5 exd5 30. Bb5 Nf5 31. Bf4 Nd4 32. Rfe1+ Ne6 33. Bd6 Rg5 34.
h6 d4 35. h7 Rh5 36. Rad1 a6 37. Bc6 Rc8 38. Bb7 Kd8 39. Bxc8 Kxc8 40. Rxd4
Rxh7 41. Rxg4 Kb7 42. f4 Rh5 43. Be7 Rf5 44. g3 a5 45. Rg8 Nd4 46. Kg2 Nc6 47.
Bd6 Nf6 48. Rg5 Rd5 49. Rxd5 Nxd5 50. g4 Nd4 51. Kg3 Kc6 52. Be5 Ne6 53. g5 Ne7
54. Kg4 Ng6 55. f5 Nxe5+ 56. Rxe5 Nf8 57. Re7 Nd7 58. g6 Nf6+ 59. Kg5 fxg6 60.
Kxg6 Nd5 61. Re5 Nf4+ 62. Kg5 Nd3 63. Re6+ Kc7 64. f6 Nc5 65. Re5 Kd6 66. Rxc5
bxc5 67. Kg6 Ke6 1-0

[Event "XIV Open Primavera"]
[Site "Robecchetto con Induno ITA"]
[Date "2017.04.20"]
[Round "3"]
[White "Caccia, Mathias"]
[Black "Macchiettini, Pierangelo"]
[Result "1/2-1/2"]
[WhiteElo "1749"]
[BlackElo "1655"]
[PlyCount "107"]
[EventDate "2017.04.06"]

1. d4 d5 2. c4 e6 3. Nf3 Nf6 4. Nc3 Nbd7 5. Bg5 c6 6. e3 Qa5 7. Qc2 Ne4 8. Bf4
Bb4 9. Rc1 Ndf6 10. Ne5 Qxa2 11. f3 Nxc3 12. bxc3 Qxc2 13. Rxc2 Ba5 14. Bd3
dxc4 15. Nxc4 Bd8 16. Rb2 Nd5 17. Nd6+ Ke7 18. Nxc8+ Rxc8 19. Rxb7+ Bc7 20.
Bxc7 Rxc7 21. Rxc7+ Nxc7 22. Kd2 Rb8 23. Rb1 Rxb1 24. Bxb1 Kd6 25. c4 c5 26.
Bd3 g6 27. Kc3 Na6 28. Kb3 Nb4 29. Bb1 Nc6 30. Kc3 Nb4 31. Bc2 h6 32. h4 g5 33.
hxg5 hxg5 34. g4 Na2+ 35. Kb3 Nb4 36. Be4 Na6 37. Ka4 Nc7 38. Ka5 f6 39. Bb7 f5
40. Ba6 fxg4 41. fxg4 Ne8 42. Bb7 Nc7 43. Bf3 e5 44. d5 Ne8 45. Ka6 Nf6 46.
Kxa7 Kc7 47. Ka6 Kd6 48. Kb6 Nd7+ 49. Kb5 Nf6 50. e4 Nd7 51. Ka5 Nf6 52. Kb6
Nd7+ 53. Kb7 Nf6 54. Kc8 1/2-1/2

[Event "XIV Open Primavera"]
[Site "Robecchetto con Induno ITA"]
[Date "2017.04.20"]
[Round "3"]
[White "Gaspari, Giulio"]
[Black "Posapiano, Giacomo"]
[Result "1/2-1/2"]
[WhiteElo "1717"]
[BlackElo "1623"]
[PlyCount "85"]
[EventDate "2017.04.06"]

1. d4 c5 2. dxc5 e6 3. Nf3 Bxc5 4. e4 Nf6 5. Nc3 Ng4 6. Nd4 Qf6 7. Qxg4 Bxd4 8.
Nd1 Nc6 9. c3 Bb6 10. Qg5 Qg6 11. Qxg6 hxg6 12. Be3 Bc7 13. g3 Ne5 14. Be2 b6
15. f4 Nc6 16. Nf2 f6 17. O-O-O Bb7 18. h4 O-O-O 19. Rhe1 Ne7 20. Bd3 g5 21.
hxg5 fxg5 22. e5 gxf4 23. gxf4 Nd5 24. Be4 Nxe3 25. Bxb7+ Kxb7 26. Rxe3 Kc6 27.
Kc2 Rh2 28. Rf3 d6 29. Kb3 Rf8 30. exd6 Bxd6 31. Nd3 a5 32. Rdf1 b5 33. a3 Rf5
34. R1f2 Rxf2 35. Rxf2 Kd5 36. Kc2 Ke4 37. Re2+ Kd5 38. Rf2 Rf6 39. Rg2 g6 40.
Rg5+ Kc6 41. Rg4 Kd5 42. Rg5+ Kc6 43. Rg4 1/2-1/2

[Event "XIV Open Primavera"]
[Site "Robecchetto con Induno ITA"]
[Date "2017.04.20"]
[Round "3"]
[White "Cunati, Valerio"]
[Black "Vighi, Gabriele"]
[Result "1-0"]
[WhiteElo "1632"]
[BlackElo "1443"]
[PlyCount "75"]
[EventDate "2017.04.06"]

1. d4 Nf6 2. c4 e5 3. dxe5 Ng4 4. Nf3 Bc5 5. e3 Nc6 6. Nc3 Ngxe5 7. Be2 O-O 8.
Bd2 d6 9. Ne4 Bb6 10. O-O Nxf3+ 11. Bxf3 Ne5 12. Be2 Be6 13. Rc1 d5 14. c5 dxe4
15. cxb6 axb6 16. a3 Qg5 17. Re1 Bh3 18. g3 Qf5 19. Rxc7 Nf3+ 20. Bxf3 exf3 21.
Qc2 Qh5 22. Rc1 Bf1 23. Qe4 Be2 24. Qh4 Qd5 25. Qd4 Qe6 26. Bc3 Qg6 27. Qd7
Rfd8 28. Qe7 Rd1+ 29. Rxd1 Bxd1 30. Rd7 h6 31. Rxd1 Kh7 32. Qxb7 Qf5 33. Qxa8
h5 34. Qd5 Qg4 35. Qxf7 h4 36. Qxg7+ Qxg7 37. Bxg7 hxg3 38. hxg3 1-0

[Event "XIV Open Primavera"]
[Site "Robecchetto con Induno ITA"]
[Date "2017.04.20"]
[Round "3"]
[White "Frignani, Alessandro"]
[Black "Colombo, Ernesto"]
[Result "0-1"]
[WhiteElo "1433"]
[BlackElo "1542"]
[PlyCount "100"]
[EventDate "2017.04.06"]

1. e4 c5 2. Nf3 d6 3. Nc3 Nc6 4. Bb5 Bd7 5. h3 a6 6. Bc4 b5 7. Bd5 e6 8. Bxc6
Bxc6 9. d3 Be7 10. Bf4 Nf6 11. Qd2 O-O 12. g4 b4 13. Ne2 e5 14. Bg5 c4 15. Ng3
cxd3 16. cxd3 a5 17. Nf5 Bb5 18. a4 Ba6 19. b3 Qd7 20. Bxf6 Bxf6 21. O-O Qe6
22. Rab1 Rfc8 23. Ne3 Rc3 24. Nc4 d5 25. exd5 Qxd5 26. Ne1 e4 27. Nb6 Qc6 28.
Nxa8 Bb7 29. dxe4 Rxh3 30. f3 Bxa8 31. Rc1 Qb7 32. Qd5 Qb8 33. Qd2 h6 34. Rc2
Be5 35. Rf2 Qb6 36. f4 Bc7 37. Kg2 Rxb3 38. Re2 Bb7 39. Nd3 Bb8 40. Nc5 Rb1 41.
Kf3 b3 42. Rc3 b2 43. Nb3 Rf1+ 44. Rf2 b1=Q 45. Re3 Rxf2+ 46. Kxf2 Q1xb3 47. e5
Qb2 48. Qxb2 Qxb2+ 49. Kg3 Qc1 50. Rb3 Qg1+ 0-1

[Event "XIV Open Primavera"]
[Site "Robecchetto con Induno ITA"]
[Date "2017.04.20"]
[Round "3"]
[White "Ghiggini, Stefano"]
[Black "Koureas, Panicos"]
[Result "1/2-1/2"]
[WhiteElo "1326"]
[BlackElo "1439"]
[PlyCount "85"]
[EventDate "2017.04.06"]

1. e4 e5 2. Nf3 Nc6 3. Bc4 Nf6 4. d3 Bc5 5. O-O h6 6. c3 d6 7. h3 a6 8. Re1 O-O
9. Nbd2 Na5 10. Bb3 Nxb3 11. Nxb3 Ba7 12. Be3 b6 13. Nbd2 Re8 14. c4 c5 15. b3
Nh5 16. Nf1 Qf6 17. N3h2 Nf4 18. Bxf4 Qxf4 19. Qf3 Qg5 20. Qe3 Qg6 21. Qg3 b5
22. Qxg6 fxg6 23. Nd2 Be6 24. Rac1 b4 25. Nhf1 Rf8 26. Nf3 Bb6 27. N3h2 a5 28.
Ra1 Rf7 29. f3 Bd8 30. Ne3 Kh7 31. Rf1 Bg5 32. Rfe1 Raf8 33. Neg4 h5 34. Ne3
Bf4 35. Re2 Bg3 36. Nhf1 Bh4 37. Kh1 Bg5 38. Kg1 Be7 39. Kh1 Kh6 40. Kg1 g5 41.
Nh2 g6 42. Rf1 Ra8 43. Ra1 1/2-1/2

[Event "XIV Open Primavera"]
[Site "Robecchetto con Induno ITA"]
[Date "2017.04.20"]
[Round "3"]
[White "Rampazzo, Franco"]
[Black "Caccianiga, Andrea"]
[Result "0-1"]
[WhiteElo "1295"]
[BlackElo "1367"]
[PlyCount "92"]
[EventDate "2017.04.06"]

1. e4 e5 2. Nf3 Nc6 3. d4 exd4 4. Nxd4 Qf6 5. Be3 Bc5 6. c3 Nge7 7. Nf5 Bxe3 8.
Nxe3 d6 9. Bb5 Be6 10. O-O O-O 11. Re1 Ne5 12. Be2 Qh4 13. Nd5 Nxd5 14. exd5
Bf5 15. Nd2 Rae8 16. Nf3 Qh6 17. Nxe5 Rxe5 18. c4 Rfe8 19. Kf1 Qxh2 20. f3 Bg6
21. Qd4 Qh1+ 22. Qg1 Qxg1+ 23. Kxg1 Rxe2 24. Kf1 Rxe1+ 25. Rxe1 Rxe1+ 26. Kxe1
Bd3 27. b3 Bb1 28. a3 Ba2 29. Kd2 Bxb3 30. Kc3 Ba4 31. Kd4 Kf8 32. f4 Bd7 33.
Ke4 f5+ 34. Ke3 h6 35. Kf3 Kf7 36. Ke3 Kf6 37. g3 g5 38. Kf3 Ba4 39. Ke3 gxf4+
40. gxf4 h5 41. Kd4 h4 42. c5 dxc5+ 43. Kxc5 h3 44. d6 cxd6+ 45. Kxd6 h2 46.
Kc7 h1=Q 0-1

[Event "XIV Open Primavera"]
[Site "Robecchetto con Induno ITA"]
[Date "2017.04.20"]
[Round "3"]
[White "Crotti, Massimo"]
[Black "Colombo, Emanuele"]
[Result "0-1"]
[WhiteElo "1316"]
[BlackElo "1584"]
[PlyCount "94"]
[EventDate "2017.04.06"]

1. d4 d5 2. Nf3 c6 3. Nc3 Bg4 4. e3 f5 5. h3 Bh5 6. Be2 Nf6 7. Ng5 Bxe2 8. Qxe2
Qd7 9. Nf3 e6 10. a3 a5 11. O-O Bd6 12. Na4 O-O 13. Nb6 Qd8 14. Nxa8 Nbd7 15.
Ng5 Re8 16. c4 Qxa8 17. c5 Bc7 18. Nf3 e5 19. Qc2 e4 20. Bd2 exf3 21. gxf3 g6
22. f4 Qa6 23. b4 Qe2 24. Qd1 Qxd1 25. Rfxd1 a4 26. Rab1 b5 27. Kg2 Ne4 28. Be1
Kf7 29. f3 Nef6 30. Bf2 Rg8 31. Rg1 g5 32. fxg5 Rxg5+ 33. Kf1 Rh5 34. h4 h6 35.
Ke2 f4 36. Rh1 Nf8 37. Rbf1 Ng6 38. e4 dxe4 39. fxe4 Nxe4 40. Be1 Ke6 41. Kd3
Ng3 42. Bxg3 fxg3 43. Re1+ Kf5 44. Rhf1+ Nf4+ 45. Kc3 g2 46. Rg1 Rxh4 47. Re7
Nd5+ 0-1

[Event "XIV Open Primavera"]
[Site "Robecchetto con Induno ITA"]
[Date "2017.04.20"]
[Round "3"]
[White "Madaschi, Sergio"]
[Black "Caccia, Andrea"]
[Result "0-1"]
[WhiteElo "1389"]
[BlackElo "1365"]
[PlyCount "108"]
[EventDate "2017.04.06"]

1. d4 d5 2. Nf3 Nf6 3. e3 Bf5 4. Bd3 Bxd3 5. cxd3 e6 6. O-O c5 7. Nc3 Nc6 8.
dxc5 Bxc5 9. Qe2 a6 10. a3 b5 11. b4 Bd6 12. Bb2 Qc7 13. h3 O-O 14. Rac1 Rac8
15. Rfe1 Qb8 16. Qd2 Ne5 17. Nxe5 Bxe5 18. Ne2 Bxb2 19. Qxb2 e5 20. Nc3 Rfd8
21. Ne2 h6 22. Ng3 g6 23. Qd2 Kg7 24. Qb2 Qd6 25. Red1 d4 26. e4 Rc6 27. Rxc6
Qxc6 28. Rc1 Qe6 29. Qc2 Ne8 30. Qc5 Rd6 31. Qa7 Nf6 32. Qc5 Ne8 33. Nf1 g5 34.
Nd2 Kf6 35. Nf3 Ng7 36. Qc2 Ne8 37. Nd2 Rd7 38. Nb3 Rc7 39. Nc5 Qc6 40. Qe2 Kg6
41. Qf3 Ng7 42. Qg3 Qf6 43. h4 Qf4 44. Qxf4 gxf4 45. g3 f3 46. Kh2 h5 47. Kh3
f5 48. exf5+ Kxf5 49. Rg1 Kf6 50. g4 Kf7 51. gxh5 Nxh5 52. Kg4 Nf4 53. Kxf3 Rc6
54. Rg5 Rf6 0-1

[Event "XIV Open Primavera"]
[Site "Robecchetto con Induno ITA"]
[Date "2017.04.27"]
[Round "4"]
[White "Colombo, Ernesto"]
[Black "Bianchi, Alberto"]
[Result "0-1"]
[WhiteElo "1542"]
[BlackElo "1868"]
[PlyCount "72"]
[EventDate "2017.04.06"]

1. d4 Nf6 2. c4 e6 3. Nc3 d5 4. Nf3 b6 5. e3 Bb7 6. cxd5 exd5 7. Bd3 Be7 8. O-O
O-O 9. Ne2 Nbd7 10. Ng3 Ne4 11. a3 Nxg3 12. fxg3 Nf6 13. Ng5 h6 14. Nh3 Bc8 15.
Nf4 Bg4 16. Qb3 c5 17. Bb1 g6 18. h3 c4 19. Qc3 Bd7 20. a4 Rc8 21. g4 Bc6 22.
b3 cxb3 23. Qxb3 g5 24. Nh5 Ne4 25. Bxe4 dxe4 26. Ba3 Bd5 27. Bxe7 Bxb3 28.
Bxd8 Rfxd8 29. Nf6+ Kg7 30. Nxe4 Rc2 31. Rfe1 Re8 32. Ng3 Rb2 33. e4 Kg6 34. d5
f6 35. a5 b5 36. Rec1 Bc2 0-1

[Event "XIV Open Primavera"]
[Site "Robecchetto con Induno ITA"]
[Date "2017.04.27"]
[Round "4"]
[White "Testa, Loris"]
[Black "Cunati, Valerio"]
[Result "0-1"]
[WhiteElo "1903"]
[BlackElo "1632"]
[PlyCount "138"]
[EventDate "2017.04.06"]

1. e4 c5 2. Nf3 d6 3. d4 cxd4 4. Nxd4 Nf6 5. Nc3 a6 6. Bg5 e6 7. f4 Be7 8. Qf3
O-O 9. O-O-O Nc6 10. Nxc6 bxc6 11. e5 Nd5 12. Bxe7 Qxe7 13. exd6 Qxd6 14. Ne4
Qb4 15. a3 Qb6 16. Rd3 Bd7 17. Qg3 Rab8 18. b3 f5 19. Nd2 Qc7 20. Nc4 c5 21.
Ne5 Bc6 22. Qg5 Nf6 23. Rh3 Bb5 24. Bxb5 axb5 25. Qh4 Qa5 26. Kb2 Ra8 27. Ra1
Rfd8 28. Nc6 Qd2 29. Nxd8 Qd4+ 30. Ka2 Qd2 31. Rb1 Rxd8 32. Qe1 Qxc2+ 33. Rb2
Qe4 34. Re3 Qxf4 35. g3 Qd4 36. Rxe6 Ne4 37. g4 Nc3+ 38. Ka1 Qd1+ 39. Rb1 Qxb1+
40. Qxb1 Nxb1 41. Kxb1 f4 42. Re5 f3 43. Re1 Rf8 44. Kc2 Kf7 45. Kd2 Kg6 46. a4
Kg5 47. h3 Kf4 48. Rc1 Kg3 49. axb5 Re8 50. Kd3 f2 51. b6 Kg2 52. Kc4 f1=Q+ 53.
Rxf1 Kxf1 54. Kxc5 Kg2 55. Kc6 Kxh3 56. Kc7 Kxg4 57. b7 h5 58. b8=Q Rxb8 59.
Kxb8 h4 60. b4 h3 61. b5 h2 62. b6 h1=Q 63. b7 Kf5 64. Kc8 Qc6+ 65. Kb8 g5 66.
Ka7 Qa4+ 67. Kb8 g4 68. Kc7 Qc4+ 69. Kb6 g3 0-1

[Event "XIV Open Primavera"]
[Site "Robecchetto con Induno ITA"]
[Date "2017.04.27"]
[Round "4"]
[White "Novi', Giuseppe"]
[Black "Mereghetti, Marco"]
[Result "1-0"]
[WhiteElo "1825"]
[BlackElo "1704"]
[PlyCount "83"]
[EventDate "2017.04.06"]

1. e4 e6 2. d3 d5 3. Nc3 d4 4. Nce2 c5 5. Nf3 Nc6 6. Ng3 Nf6 7. Be2 e5 8. O-O
Be7 9. Ne1 O-O 10. f4 Bd6 11. f5 b5 12. Nf3 Bb7 13. Bg5 Be7 14. a4 a6 15. Bd2
Qc7 16. Qe1 Na7 17. Ng5 c4 18. Nh5 Nxh5 19. Bxh5 Qb6 20. Kh1 cxd3 21. cxd3 bxa4
22. Nf3 Qd6 23. Rxa4 Nc6 24. Rc4 a5 25. Qg3 Ba6 26. Rxc6 Qxc6 27. Nxe5 Bd6 28.
Bf4 Bxe5 29. Bxe5 f6 30. Bd6 Rfd8 31. e5 Rxd6 32. exd6 Rd8 33. Re1 Bb5 34. h3
Qxd6 35. Qf3 Bc6 36. Qd1 Qd5 37. Bf3 Qd6 38. Qb3+ Kf8 39. Re6 Qf4 40. Rxc6 Qd2
41. Qa3+ Kg8 42. Qe7 1-0

[Event "XIV Open Primavera"]
[Site "Robecchetto con Induno ITA"]
[Date "2017.04.27"]
[Round "4"]
[White "Posapiano, Giacomo"]
[Black "Santoruvo, Gianfranco"]
[Result "0-1"]
[WhiteElo "1623"]
[BlackElo "1787"]
[PlyCount "50"]
[EventDate "2017.04.06"]

1. d4 d5 2. Nf3 Bg4 3. Ne5 Bf5 4. Nd2 Nf6 5. e3 Nbd7 6. Ndf3 h6 7. c4 e6 8. Qb3
Rb8 9. Be2 Be7 10. Nxd7 Qxd7 11. Bd2 O-O 12. Bb4 Rfe8 13. Bxe7 Qxe7 14. Ne5 c6
15. O-O Ne4 16. Nf3 g5 17. Bd3 f6 18. cxd5 exd5 19. Rac1 Qe6 20. Qc2 Kg7 21. h3
Re7 22. Qe2 Rbe8 23. Bxe4 Qxe4 24. Nd2 Qxd4 25. Nc4 dxc4 0-1

[Event "XIV Open Primavera"]
[Site "Robecchetto con Induno ITA"]
[Date "2017.04.27"]
[Round "4"]
[White "Rancati, David"]
[Black "Virgilio, Gianluca"]
[Result "1/2-1/2"]
[WhiteElo "1533"]
[BlackElo "1783"]
[PlyCount "92"]
[EventDate "2017.04.06"]

1. Nf3 c5 2. e4 Nc6 3. c3 g6 4. Be2 Bg7 5. d3 d5 6. exd5 Qxd5 7. O-O Nf6 8. Ng5
Bf5 9. Na3 Rd8 10. d4 cxd4 11. Bc4 Qc5 12. Nxf7 Na5 13. Nxd8 Nxc4 14. Nxb7 Qc7
15. Qa4+ Nd7 16. Qxc4 Qxb7 17. cxd4 Qb6 18. Be3 Qxb2 19. Nb5 Nb6 20. Nc7+ Kd7
21. Qb5+ Qxb5 22. Nxb5 Bd3 23. Nxa7 Ra8 24. Rfb1 Bxb1 25. Rxb1 Rxa7 26. Rxb6
Rxa2 27. g3 Ra4 28. Rb7+ Ke6 29. d5+ Kf6 30. h4 h6 31. Bc5 Ra1+ 32. Kg2 Re1 33.
Bd4+ Kf7 34. Bxg7 Kxg7 35. d6 Kf6 36. dxe7 Kf7 37. Kf3 Re6 38. Kg2 Re2 39. Kf3
Re6 40. Ra7 Re1 41. Kf4 Re6 42. f3 Re1 43. g4 Re6 44. Kg3 Re2 45. Kf4 Re6 46.
Kg3 Re3 1/2-1/2

[Event "XIV Open Primavera"]
[Site "Robecchetto con Induno ITA"]
[Date "2017.04.27"]
[Round "4"]
[White "Caccianiga, Andrea"]
[Black "Salerno, Christian"]
[Result "1-0"]
[WhiteElo "1367"]
[BlackElo "1777"]
[PlyCount "115"]
[EventDate "2017.04.06"]

1. e4 Nf6 2. Nc3 d5 3. exd5 Nxd5 4. Nxd5 Qxd5 5. Qf3 e6 6. Qxd5 exd5 7. Nf3 Bd6
8. d4 O-O 9. Be3 Re8 10. h3 Bf5 11. Kd2 Nd7 12. Bd3 Bxd3 13. Kxd3 Nf6 14. Rae1
Ne4 15. Nd2 f5 16. f3 Ng3 17. Rhg1 f4 18. Bf2 Nf5 19. c4 c6 20. c5 Bc7 21. b4
Kf7 22. a4 a6 23. Nb1 Rxe1 24. Rxe1 Re8 25. Rxe8 Kxe8 26. Nc3 Ke7 27. b5 axb5
28. axb5 Ba5 29. bxc6 bxc6 30. Ne2 Bc7 31. Nc3 Kf6 32. Na2 Ba5 33. Nc3 Kg5 34.
Ne2 Bc7 35. Nc1 Nh4 36. Bxh4+ Kxh4 37. Ke2 h5 38. Nd3 Ba5 39. Nxf4 Bc3 40. Kd3
Ba1 41. Ne2 Bb2 42. Kc2 Ba3 43. Kb3 Bc1 44. Nxc1 Kg3 45. Ne2+ Kxg2 46. Nf4+
Kxf3 47. Nxh5 g6 48. Nf6 Kg3 49. Nxd5 g5 50. Nf6 Kf4 51. Nh7 g4 52. hxg4 Kxg4
53. Kc4 Kf5 54. Nf8 Kf6 55. d5 cxd5+ 56. Kxd5 Ke7 57. Kc6 Kxf8 58. Kd7 1-0